00330 a2200109 4500001001000000005001700010008004100027245004900068100001700117773006900134999001700203ART_1000720260410161653.0260409a 10aCapital intelectual = capacidad x compromiso1 aUlrich, Dave0 tHarvard Deusto Business Reviewg- NÂș 86 (sep./oct 1998)wREV521 c14476d14476